An account of some of the principal slave insurrections and others which have occurred or been attempted in the United States and elsewhere during the last two centuries : with various remarks /

Bibliographic Details
Other Authors: Coffin, Joshua, 1792-1864 (Editor)
Format: eBook
Language:English
Published: New York : American Anti-Slavery Society, 1860.
Series:Slavery in America and the world: history, culture & law.
Subjects:
Online Access:Connect to the full text of this electronic book

MARC

Tag First Indicator Second Indicator Subfields
LEADER 00000cam a2200000 i 4500
001 in00004409470
005 20210123192058.0
006 m fo d
007 cr bn nnnauuuu
008 161123s1860 nyu o 000 0 eng d
035 |a ccn00781824 
040 |a NjRocCCS  |b eng  |e rda  |c NjRocCCS 
043 |a n-us---  |a nw----- 
050 4 |a E447  |b .A23 1860 
245 0 3 |a An account of some of the principal slave insurrections and others which have occurred or been attempted in the United States and elsewhere during the last two centuries :  |b with various remarks /  |c collected from various sources by Joshua Coffin. 
246 1 7 |a Slave insurrections 
264 1 |a New York :  |b American Anti-Slavery Society,  |c 1860. 
264 2 |a [Getzville, New York] :  |b William S. Hein and Company,  |c [2016] 
300 |a 1 online resource (36 pages). 
336 |a text  |b txt  |2 rdacontent 
337 |a computer  |b c  |2 rdamedia 
338 |a online resource  |b cr  |2 rdacarrier 
490 1 |a HeinOnline slavery in America and the world: history, culture & law 
588 |a Description based on PDF title page, viewed November 23, 2016. 
650 0 |a Slave insurrections  |z United States. 
650 0 |a Slave insurrections  |z West Indies. 
655 7 |a Electronic books.  |2 local 
700 1 |a Coffin, Joshua,  |d 1792-1864,  |e editor. 
710 2 |a American Anti-Slavery Society,  |e issuing body. 
830 0 |a Slavery in America and the world: history, culture & law. 
856 4 0 |u http://proxy.library.tamu.edu/login?url=https://www.heinonline.org/HOL/Page?handle=hein.slavery/accprin0001&id=1&size=2&collection=slavery&index=alpha/A_slavery  |z Connect to the full text of this electronic book  |t 0 
949 |a E 447 .A23 1860  |w LC  |c 1  |i 781824-1001  |d 5/19/2017  |l MAIN  |m HEN  |q 1  |r Y  |s Y  |t WEB  |u 11/23/2016  |x ENG  |z N-US 
999 f f |s 8b1215a0-b027-37d0-8c73-687bdd09e77c  |i 8583fab6-29cb-337b-83d6-4c488f87eb93  |t 0 
952 f f |a Texas A&M University  |b College Station  |c Electronic Resources  |d Available Online  |t 0  |e E447 .A23 1860  |h Library of Congress classification 
998 f f |a E447 .A23 1860  |t 0  |l Available Online